vufinder Bibliothèque Municipale de Charleval de Provence
Se connecter
« Retourner aux résultats de recherche

+ Photographie

les acquisitions des collections publiques

Book Cover
D'autres auteurs: Fannie Escoulen Yuan-Chih Cheng
Support: Livres
Langue: Francais
Publié: 2023 le Bec en l'air Manosque (Alpes-de-Haute Provence)
Series: + Photographie : les acquisitions des collections publiques
Genre: Documentaire
Sujets:
Étiquettes: Ajouter
Pas de Tags !

LEADER 01249nam0a2200229 450
001 16843797
010 |a 978-2-36744-177-1  |b br.  |d 30 € 
100 |a 20230203d2023 u u0frey01 ba 
101 0 |a fre 
102 |a FR 
200 0 |a + Photographie  |e les acquisitions des collections publiques  |f sous la direction de Fannie Escoulen, Yuan-Chih Cheng 
207 1 |a   
210 |a Manosque (Alpes-de-Haute Provence)  |c le Bec en l'air  |d 2023 
215 |a 1 vol. (239 p.)  |c illustrations en noir et en couleur  |d 29 x 22 cm 
300 |a Index,Index 
330 |a Un panorama des acquisitions récentes de photographies dans les collections publiques françaises (musées nationaux et régionaux, Frac, archives, bibliothèques, centres d'art, institutions). Les oeuvres d'artistes comme Janine Niépce, Dolorès Marat, Bettina Rheims, Stanley Greene, Paolo Reversi ou encore Daido Moriyama sont replacées dans leur contexte de création. 
461 0 |t + Photographie : les acquisitions des collections publiques  |v 04 
702 0 |a Escoulen  |b Fannie  |4 651 
702 0 |a Cheng  |b Yuan-Chih  |4 651 
900 |a Documentaire 
901 |a Accessible au prêt 
995 |a Bibliothèque  |c Bibliothèque  |f 00156010429280  |h 00156010429280  |k 778.9 ACQ 04  |o p  |q a  |r az  |e Bibliothèque 

Options de recherche

Historique de recherche
Recherche avancée

Trouver plus

Nouveautés

Besoin d'aide ?

Contacter un bibliothécaire